| 000 | 02459nam0a22003851 4500 | ||
|---|---|---|---|
| 001 | v19\rc\1671338 | ||
| 005 | 20260406111404.0 | ||
| 035 | _a(NLR Aleph) 004778815 | ||
| 090 |
_a4664523 _c4664523 |
||
| 100 | _a20061002d1893 |||y0rusy50 ca | ||
| 101 | 0 | _arus | |
| 102 | _aRU | ||
| 105 | _ay z ||||| | ||
| 200 | 1 |
_aМатериалы к учению о загрязнении микроорганизмами кожи больных _eДис. на степ. д-ра мед. С.М. Никольского _f(Из Клинич. лаб. проф. Ю.Т. Чудновского) |
|
| 210 |
_aСанкт-Петербург _cпар. скоропеч. А.В. Пожаровой _d1893 |
||
| 215 |
_a58 с. _d22 |
||
| 225 | 1 |
_aСерия диссертаций, допущенных к защите в Военно-медицинской академии в 1892-93 учебном году _v№ 90 |
|
| 316 |
_aЭкз. РНБ (18.309.1/5.576(алл.10)): приплетено к: Глобин, П.И. Материалы к изучению влияния лагерных занятий понтонных батальонов на здоровье нижних чинов. Спб., 1893 _5NLR: 18.309.1/5.576(алл.10) |
||
| 320 | _aБиблиогр. в примеч. | ||
| 482 | 0 |
_12001#$aМатериалы к изучению влияния лагерных занятий понтонных батальонов на здоровье нижних чинов _1210##$aСанкт-Петербург$d1893 _1700#1$aГлобин$bП.И.$gПавел Иванович _tМатериалы к изучению влияния лагерных занятий понтонных батальонов на здоровье нижних чинов _aГлобин, Павел Иванович |
|
| 700 | 1 |
_7ca _8rus _aНикольский _bС. М. _cд-р медицины _f1851- _gСемен Максимович _9103795 _3RU\NLR\AUTH\77120870 |
|
| 702 | 1 |
_4570 _7ca _8rus _aЧудновский _bЮ. Т. _f1843-1896 _gЮрий Трофимович _9102996 _3RU\NLR\AUTH\77120071 |
|
| 801 | 0 |
_aRU _bNLR _gpsbo |
|
| 801 | 0 |
_aRU _bRuMoRGB _2psbo |
|
| 801 | 1 |
_aRU _bProSoft-M _2rusmarc |
|
| 801 | 2 |
_aRU _bNLR _c20130305 _2rusmarc |
|
| 852 |
_aNLR _j18.309.1/5.576(алл.10) |
||
| 852 |
_aNLR _j130/678 |
||
| 899 |
_aRuMoRGB _jA 250/318 |
||
| 899 |
_aRuMoRGB _jU 445/609 |
||
| 899 |
_aRuMoRGB _jU 476/324 |
||
| 899 | _aБАН | ||
| 899 | _aНБ СПбГУ | ||
| 942 | _cBOOK | ||
| 980 | _aNB | ||